Harta karun di hutan simpan

Bibliographic Details
Main Author: Hazli Mat Saat
Format: Book
Published: Petaling Jaya : Penapro Sdn. Bhd , 2003
Series:Siri Kembara Misteri
Subjects:

MARC

LEADER 00000cam a2200000 7i4500
001 0000046801
005 20150407.0
008 07042015
020 |a 9789839496212 
020 |a 9839496212 
090 0 0 |a 899.2333   |b HAZ 
100 1 |a Hazli Mat Saat 
245 1 0 |a Harta karun di hutan simpan   |c Hazli Mat Saat 
260 |a Petaling Jaya :   |b Penapro Sdn. Bhd ,   |c 2003 
440 |a Siri Kembara Misteri 
650 0 |a Adventures stories, Malay 
650 0 |a Malay fiction 
999 |a 0000861259   |b Book   |c Adult Collection   |e Cawangan Tmn. Ungku Tun Aminah